[Event "Pardubice op"]
[Site "Pardubice"]
[Date "1994.??.??"]
[Round "4"]
[White "Rasik, Vitezslav"]
[Black "Brodsky, Michail"]
[Result "1/2-1/2"]
[WhiteElo "2425"]
[BlackElo "2545"]

1.e4 c5 2.Nf3 e6 3.d4 cxd4 4.Nxd4 Nc6 5.Nb5 d6 6.Bf4 e5 7.Be3 Nf6 8.Bg5 Be6
9.Bxf6 gxf6 10.Nd2 a6 11.Nc3 b5 12.Bd3 h5 13.Nf1 Bh6 14.Ne3 Bxe3 15.fxe3 Qb6
16.Qf3 Ne7 17.O-O Rh6  1/2-1/2

[Event "Pardubice op2"]
[Site "Pardubice"]
[Date "1994.??.??"]
[Round "6"]
[White "Wiech, Grzegorz"]
[Black "Neubauer, Bernd"]
[Result "1-0"]
[WhiteElo "2260"]
[BlackElo "2180"]

1.e4 c5 2.Nf3 e6 3.d4 cxd4 4.Nxd4 Nc6 5.Nb5 d6 6.c4 a6 7.N5c3 Nf6 8.Be2 Be7
9.O-O O-O 10.Be3 b6 11.Nd2 Bb7 12.Qb3 Nd7 13.Rad1 Rb8 14.a3 Qc7 15.Qc2 Bf6
16.Nd5 exd5 17.cxd5 Rfc8 18.dxc6 Qxc6 19.Qxc6 Rxc6 20.Nc4 b5 21.Nxd6 Bxb2
22.Nxb5 Ne5 23.Rb1 axb5 24.Rxb2 Ba6 25.Bf4 f6 26.Rfb1 Rbc8 27.Bxb5 Bxb5 28.Rxb5 Nc4
29.R5b3 g5 30.Be3 Nxe3 31.Rxe3 Rc1+ 32.Re1 R1c3 33.h4 gxh4 34.Rb6 Kf7 35.Ra6 Rc1
36.Rxc1 Rxc1+ 37.Kh2 Re1 38.f3 Kg6 39.a4 Kg5 40.Ra5+ Kf4 41.Rf5+ Ke3 42.Rxf6 Kf2
43.Rb6 h5 44.Rb2+ Ke3 45.Ra2 Kf4 46.Ra3 Re2 47.a5  1-0

[Event "Pardubice op"]
[Site "Pardubice"]
[Date "1994.??.??"]
[Round "6"]
[White "Jaracz, Pawel"]
[Black "Fominyh, Alexander"]
[Result "1/2-1/2"]
[WhiteElo "2415"]
[BlackElo "2505"]

1.e4 c5 2.Nf3 Nc6 3.d4 cxd4 4.Nxd4 e6 5.Nb5 d6 6.c4 Nf6 7.N1c3 a6 8.Na3 Be7
9.Be2 b6 10.O-O Bb7 11.Be3 O-O 12.Rc1 Ne5 13.f3 Rb8 14.Kh1 Kh8 15.Qe1 Rg8
16.f4 Ned7 17.Bf3 Nc5 18.Bxc5 bxc5 19.Nc2 Nd7 20.Rd1 Qc7 21.Rd2 Rbd8 22.h4 Qb6
23.Ne3 Bf6 24.Ned1 Rgf8 25.g4 Nb8 26.g5 Bd4 27.Bg2 Nc6 28.h5 Qb4 29.Rf3 Qxc4
30.a3 Bxc3 31.Nxc3 Nd4 32.Rg3 Qb3 33.Qf2 Qb6 34.f5 exf5 35.exf5 Bxg2+ 36.Kxg2 Qc6+
37.Kh2 f6 38.h6 Qd7 39.gxf6 gxf6 40.Qg2 Qxf5 41.Nd5 Qh5+ 42.Kg1 Qxh6 43.Ne7 Rfe8
44.Ng6+ hxg6 45.Rh3 Qxh3 46.Qxh3+ Kg7 47.Qd3 a5 48.Rg2 f5 49.Qa6 Re1+ 50.Kf2 Re2+
51.Kf1 Re7 52.Qxa5 Rde8 53.Rf2 g5 54.b4 Re1+ 55.Kg2 f4 56.Qc7+ R8e7 57.Qxd6 f3+
58.Rxf3 Nxf3 59.Kxf3 R7e3+ 60.Kf2 R1e2+  1/2-1/2

[Event "Polanica Zdroj op"]
[Site "Polanica Zdroj"]
[Date "1994.??.??"]
[Round "?"]
[White "Klykow, Lukasz"]
[Black "Gdanski, Jacek"]
[Result "0-1"]
[WhiteElo "2220"]
[BlackElo "2505"]

1.e4 c5 2.Nf3 e6 3.d4 cxd4 4.Nxd4 Nc6 5.Nb5 d6 6.c4 Nf6 7.N5c3 Be7 8.Be2 O-O
9.O-O b6 10.f4 Bb7 11.Bf3 e5 12.f5 Nd4 13.Be3 Rc8 14.b3 Nd7 15.Kh1 Nc5 16.Na3 Bg5
17.Nc2 Bxe3 18.Nxe3 Nd7 19.Ned5 Bxd5 20.Nxd5 Nf6 21.Qd2 Nxd5 22.exd5 f6 23.Be4 b5
24.cxb5 Nxb5 25.Rac1 Nd4 26.Rxc8 Qxc8 27.Rc1 Qa6 28.Bd3 Qb6 29.Qc3 e4 30.Bf1 Nxf5
31.Qc6 Qe3 32.Ba6 Ne7 33.Qc2 f5 34.Rd1 Qb6 35.Qe2 Ng6 36.Bc4 Ne5 37.Rf1 g6
38.h3 Qc5 39.g4 fxg4 40.Rxf8+ Kxf8 41.hxg4 Qd4 42.Kg2 Kg7 43.g5 e3 44.Kg3 Nf7
45.Qg4 Qe5+ 46.Qf4 Qxg5+ 47.Qxg5 Nxg5 48.Kf4 Kf6 49.Kxe3 Ke5 50.b4 Ne4 51.Kd3 h5
52.b5 h4 53.Ke3 h3 54.Bf1 h2  0-1

[Event "ROM-chT"]
[Site "ROM"]
[Date "1994.??.??"]
[Round "?"]
[White "Ionescu, Doru Alexandru"]
[Black "Brodsky, Michail"]
[Result "1-0"]
[WhiteElo "2310"]
[BlackElo "2500"]

1.e4 c5 2.Nf3 e6 3.d4 cxd4 4.Nxd4 Nc6 5.Nb5 d6 6.c4 Nf6 7.N5c3 Be7 8.g3 b6
9.Bg2 Bb7 10.O-O O-O 11.h3 Rc8 12.Be3 Qc7 13.Na3 Qb8 14.f4 Rfd8 15.Qe2 Nb4
16.Bf2 Qa8 17.Nab5 Na6 18.Rfe1 Nc5 19.Kh2 Bf8 20.Rad1 a6 21.Nd4 d5 22.cxd5 exd5
23.e5 Nfe4 24.Nxe4 dxe4 25.Be3 Nd3 26.Rf1 Rc4 27.Nf5 g6 28.b3 Rcc8 29.Nd4 Re8
30.h4 Rcd8 31.h5 Bg7 32.hxg6 hxg6 33.Qg4 Qc8 34.Qxc8 Rxc8 35.Rxd3 exd3 36.Bxb7 Rc3
37.Bd2 Rc7 38.Bxa6 Ra8 39.Bc4 Rxa2 40.Rf2 Bf8 41.Nf3 Bb4 42.Kg2 Bxd2 43.Nxd2 Kg7
44.Kf3 Rd7 45.Ke3 Rc2 46.Ne4 Rxf2 47.Nxf2 d2 48.Nd1 f6 49.exf6+ Kxf6 50.Bd3 g5
51.Kxd2 gxf4 52.gxf4 Rd4 53.Ke3 Rd5 54.Bc2 Ra5 55.Nc3 Rh5 56.Bd3 Ke6 57.Ke4 Kd6
58.b4 Rh1 59.b5 Rc1 60.Kd4  1-0

[Event "Sevilla op"]
[Site "Sevilla"]
[Date "1994.??.??"]
[Round "9"]
[White "Magem Badals, Jorge"]
[Black "Bellon Lopez, Juan Manuel"]
[Result "1-0"]
[WhiteElo "2505"]
[BlackElo "2460"]

1.e4 c5 2.Nf3 e6 3.d4 cxd4 4.Nxd4 Nc6 5.Nb5 d6 6.c4 Nf6 7.N1c3 a6 8.Na3 b6
9.Be2 Bb7 10.O-O Ne5 11.f3 Ned7 12.Be3 Be7 13.Qd2 O-O 14.Rfd1 Qb8 15.Kh1 Re8
16.Bg1 Kh8 17.Nc2 g5 18.Qxg5 Nxe4 19.Qh5 Ndf6 20.Qh6 Nc5 21.Nd4 Rg8 22.b4 Ncd7
23.Nb3 Rg6 24.Qh3 Rg5 25.Rd4 Rh5 26.Rh4 Rxh4 27.Qxh4 Qc7 28.Qd4 Rg8 29.Rd1 e5
30.Qd2 Nf8 31.Nd5 Nxd5 32.cxd5 Nd7 33.Be3 Qd8 34.a4 Bg5 35.f4 exf4 36.Bxf4 Ne5
37.a5 b5 38.Nc5 dxc5 39.Bxe5+ f6 40.Bf4 cxb4 41.Qxb4 Bxf4 42.Qxf4 Re8 43.Bf3 Qe7
44.h3 Qe5 45.Qb4 Kg7 46.Qc5 Rd8 47.Qa7 Rd7 48.Qb6 f5 49.Qf2 Qd6 50.Re1 h6
51.Re6 Qf4 52.Qc5 Qg5 53.Qd4+ Kh7 54.h4 Qg7 55.Qf4 Rf7 56.Bh5 Bxd5 57.Rg6 Qf8
58.Rd6 Bxg2+ 59.Kxg2 Qg7+ 60.Kh2 Qb2+ 61.Rd2  1-0

[Event "SLO-sf"]
[Site "?"]
[Date "1994.??.??"]
[Round "?"]
[White "Susnik, Matej"]
[Black "Podlesnik, Bogdan"]
[Result "1/2-1/2"]
[WhiteElo "2195"]
[BlackElo "2400"]

1.e4 c5 2.Nf3 e6 3.d4 cxd4 4.Nxd4 Nc6 5.Nb5 Nf6 6.N1c3 d6 7.Bf4 e5 8.Bg5 a6
9.Na3 b5 10.Nd5 Be7 11.Bxf6 Bxf6 12.c3 O-O 13.Nc2 Rb8 14.a4 bxa4 15.Ncb4 Nxb4
16.cxb4 Bb7 17.Rxa4 Bc6 18.Rxa6 Bxd5 19.Qxd5 Rxb4 20.Bc4 Rxb2 21.O-O Be7
22.Rfa1 g6 23.g3 Kg7 24.R6a2 Rb4 25.Ra4 Rb8 26.Ra7 Rb2 27.R7a2 Rxa2 28.Rxa2 Qc7
29.Rb2 h5 30.Rb7 Qd8 31.Bb5 Bf6 32.Rd7 Qa5 33.Bc4 Qxd5 34.Bxd5 h4 35.Kg2 g5
36.Rxd6 Kg6 37.Ra6 Rh8 38.h3 Kg7 39.Ra8 Bd8 40.Ra7 Rf8 41.Rb7 Bf6 42.Ra7  1/2-1/2

[Event "St Petersburg op2"]
[Site "St Petersburg"]
[Date "1994.??.??"]
[Round "5"]
[White "Lunev, A."]
[Black "Terekhov, Andrey"]
[Result "1/2-1/2"]
[WhiteElo "2430"]
[BlackElo "2325"]

1.Nf3 c5 2.e4 e6 3.d4 cxd4 4.Nxd4 Nc6 5.Nb5 d6 6.c4 Nf6 7.N5c3 Be7 8.Be2 O-O
9.O-O b6 10.f4 Bb7 11.Be3 d5 12.exd5 exd5 13.Nxd5 Nxd5 14.cxd5 Nb4 15.Nc3 Nxd5  1/2-1/2

[Event "Rilton Cup9495"]
[Site "Stockholm"]
[Date "1994.??.??"]
[Round "7"]
[White "Ernst, Thomas"]
[Black "Taimanov, Mark E"]
[Result "1/2-1/2"]
[WhiteElo "2465"]
[BlackElo "2505"]

1.e4 c5 2.Nf3 e6 3.d4 cxd4 4.Nxd4 Nc6 5.Nb5 d6 6.c4 a6 7.N5c3 Nf6 8.Na3 Be7
9.Be2 O-O 10.O-O Bd7 11.Be3 Qb8 12.Rc1 Na7 13.Qb3 Bc6 14.f3 Nd7 15.Kh1 Bd8
16.Rfd1 Nc8 17.Nc2 Bb6 18.Nd4 Qa7 19.Bg1 e5 20.Nc2 Bxg1 21.Rxg1 Nc5 22.Qa3 Ne6
23.g3 f5 24.exf5 Rxf5 25.Nd5 Rf7 26.Kg2 a5 27.Rcd1 b6 28.Rd2 Rf8 29.Rf1 Qb7
30.Qe3 b5 31.Kg1 Kh8 32.b3 bxc4 33.Bxc4 Bb5 34.Bxb5 Qxb5 35.Na3 Qb7 36.Nc4 a4
37.b4 Nd4 38.Qe4 Ra6 39.f4 Qb5 40.Na3 Qe8 41.Rdf2 Rg8 42.fxe5 Qxe5 43.Re1 Rc6
44.Qxe5 dxe5 45.Rxe5 Nd6 46.Kg2 Rc1 47.Rd2 N6f5 48.Nb5 Nxb5 49.Rxf5 Rd8 50.Rdf2 h6
51.h4 Nd6 52.Rf8+ Rxf8 53.Rxf8+ Kh7 54.h5 Ne4 55.Nf4 Rc2+ 56.Kf3 Nf6 57.g4 Rxa2
58.Ng6 Ng8 59.Ra8 a3 60.b5 Rb2 61.Rxa3 Rxb5 62.Ra8 Rb3+ 63.Kf4 Rb4+ 64.Kf5 Rb5+
65.Ke6 Rb6+ 66.Ke5 Rb5+ 67.Kf4 Rb4+ 68.Kg3 Rb3+ 69.Kh4 Rb4 70.Nf8+ Kh8 71.Kg3 Rc4
72.Ng6+ Kh7 73.Kf3 Rb4 74.Ra7 Nf6 75.Ra8 Ng8 76.Rf8 Rb3+ 77.Kf4 Rb4+ 78.Kf5 Rb5+
79.Ke6 Rb6+ 80.Kd7 Rb7+ 81.Kc6 Rb4 82.Nf4 Nf6 83.Ng6 Ng8 84.Nf4  1/2-1/2

[Event "Rilton Cup9495"]
[Site "Stockholm"]
[Date "1994.??.??"]
[Round "9"]
[White "Olesen, Martin"]
[Black "Wikstrom, Robert"]
[Result "1-0"]
[WhiteElo "2340"]
[BlackElo "2145"]

1.e4 c5 2.Nf3 e6 3.d4 cxd4 4.Nxd4 Nc6 5.Nb5 d6 6.c4 Be7 7.N1c3 a6 8.Na3 Nf6
9.Be2 Ne5 10.O-O O-O 11.Be3 b6 12.f4 Ned7 13.Bf3 Bb7 14.Qe2 Qc7 15.Rac1 Rac8
16.Rfd1 Qb8 17.Nab1 Qa8 18.Nd2 Rfe8 19.Bf2 h6 20.a3 Rc7 21.Na4 Qa7 22.b4 a5
23.Nc3 Rcc8 24.Nb5 Qa8 25.e5 Bxf3 26.Nxf3 Ne4 27.exd6 Bd8 28.Ne5  1-0

[Event "EUCup Gr2"]
[Site "Strasbourg"]
[Date "1994.??.??"]
[Round "?"]
[White "Sandor, Christian"]
[Black "De Boer, Gert Jan"]
[Result "1-0"]
[WhiteElo "2365"]
[BlackElo "2435"]

1.e4 c5 2.Nf3 e6 3.d4 cxd4 4.Nxd4 Nc6 5.Nb5 d6 6.c4 Nf6 7.N1c3 a6 8.Na3 Be7
9.Be2 O-O 10.O-O b6 11.Be3 Bb7 12.Qb3 Nd7 13.Rfd1 Nc5 14.Qc2 Qc7 15.Rac1 Bf6
16.f3 Rfd8 17.Nab1 Rac8 18.Bf1 Qb8 19.Qf2 Ba8 20.Kh1 Re8 21.a3 Nb3 22.Rc2 Nca5
23.Na4 Nc5 24.Nbc3 Bd8 25.Rcd2 Nxa4 26.Nxa4 Nxc4 27.Bxc4 Rxc4 28.Nxb6 Bxb6
29.Bxb6 d5 30.exd5 Bxd5 31.Bd4 Qf4 32.Bc3 h6 33.Qe2 Rec8 34.Rd4 Rxd4 35.Rxd4 Qf5
36.h3 Rc6 37.Qe3 f6 38.Rf4 Qg5 39.Bxf6 gxf6 40.Rg4 Kf7 41.Rxg5 hxg5 42.Qd3 Kg7
43.Kh2 Rc4 44.b3 Rc6 45.b4 Rc4 46.Kg3 Kh6 47.Qe3 Kg6 48.Qb6 Rc6 49.Qb8 f5
50.Qg8+ Kf6 51.h4 gxh4+ 52.Kxh4 Rc2 53.Qd8+ Kg6 54.g4 fxg4 55.fxg4 Rh2+ 56.Kg3 Ra2
57.Qg8+ Kf6 58.a4 Bc6 59.Qc8 Bd5 60.Qxa6 Kg5 61.Qd3 Rxa4 62.Qc3 Kh6 63.Qh8+  1-0

[Event "SWE-chT 9394"]
[Site "SWE"]
[Date "1994.??.??"]
[Round "6"]
[White "Hermansson, Emil"]
[Black "Hall, Jesper"]
[Result "0-1"]
[WhiteElo "2240"]
[BlackElo "2450"]

1.e4 c5 2.Nf3 Nc6 3.d4 cxd4 4.Nxd4 e6 5.Nb5 d6 6.c4 Nf6 7.N1c3 a6 8.Na3 Be7
9.Be2 b6 10.O-O O-O 11.Be3 Qc7 12.Rc1 Ne5 13.f4 Ned7 14.Bf3 Bb7 15.Nab1 Rac8
16.Nd2 Qb8 17.Qe2 Qa8 18.Bf2 Rfd8 19.Rfe1 Bc6 20.b4 b5 21.cxb5 axb5 22.Nxb5 Bxb5
23.Qxb5 Qxa2 24.Nc4 Rb8 25.Qa5 Qb3 26.Ba7 Rxb4 27.Bd1 Qxc4 28.Rxc4 Rxc4 29.Bf3 Rdc8
30.Qb5 R4c7 31.Bf2 e5 32.f5 h6 33.h4 Rc3 34.Ra1 d5 35.exd5 e4 36.Be2 e3 37.Bg3 Ne4
38.Bf4 Ndf6 39.Rd1 Nd6 40.Qa5 Rc2 41.Bd3 R2c5 42.Qa6 Rd8 43.Bxe3 Rxd5 44.Bb6 Rd7
45.Re1 Bf8 46.Rf1 Re7 47.Bb1 Nde4 48.Re1 Nc5 49.Qf1 Rb7 50.Ba5 Nd3 51.Bxd3 Rxa5
52.Ra1 Ba3 53.Rb1 Rd7 54.Be2 Bc5+ 55.Kh2 Ra4 56.g3 Ra2  0-1

[Event "Timisoara"]
[Site "Timisoara"]
[Date "1994.??.??"]
[Round "9"]
[White "Bach, Adrian"]
[Black "Bakic, Rados"]
[Result "0-1"]
[WhiteElo "2345"]
[BlackElo "2435"]

1.e4 c5 2.Nf3 Nc6 3.d4 cxd4 4.Nxd4 e6 5.Nb5 Nf6 6.N1c3 Bc5 7.Bf4 O-O 8.Bc7 Qe7
9.Bd6 Bxd6 10.Qxd6 Qd8 11.O-O-O a6 12.Nd4 Qb6 13.Nxc6 dxc6 14.Qg3 e5 15.Bc4 Qc7
16.Qe3 b5 17.Be2 Be6 18.g4 Qa5 19.g5 Nd7 20.b3 Qa3+ 21.Kb1 a5 22.h4 a4 23.Qc1 Qb4
24.Rd3 Nc5 25.Re3 axb3 26.cxb3 Ra3 27.Bd1 Qa5 28.Na4 Rxa4 29.bxa4 bxa4 30.Qb2 g6
31.Bc2 Qa7 32.Qxe5 Rb8+ 33.Kc1 Bxa2 34.h5 Nb3+ 35.Bxb3 axb3 36.Rd3 gxh5 37.Qf6 b2+
38.Kd2 Qa5+ 39.Ke2 b1=Q 40.Rxb1 Bxb1 41.Rd7 Ba2 42.Kf3 Be6 43.Re7 Qa3+ 44.Kf4 Qc1+
45.Kf3 Qh1+ 46.Kf4 Qh2+ 47.Ke3 Qd6 48.Ke2 Rd8 49.Kf1  0-1

[Event "Tomo Zupan op"]
[Site "Tomo Zupan"]
[Date "1994.??.??"]
[Round "?"]
[White "Kosmac, Blaz"]
[Black "Susnik, Matej"]
[Result "0-1"]
[WhiteElo "2000"]
[BlackElo "2220"]

1.e4 c5 2.Nf3 e6 3.d4 cxd4 4.Nxd4 Nc6 5.Nb5 d6 6.Bf4 e5 7.Be3 Nf6 8.f3 a6
9.N5c3 Be6 10.Be2 Be7 11.O-O O-O 12.Nd5 Bxd5 13.exd5 Nb8 14.c4 Nbd7 15.Nc3 Nh5
16.Qd2 f5 17.Kh1 f4 18.Bf2 Bh4 19.Ne4 Bxf2 20.Rxf2 Qh4 21.Bd3 Ng3+ 22.Kg1 Nxe4
23.Bxe4 Rf6 24.b4 b6 25.Rc1 Rh6 26.h3 Qg5 27.Kf1 Rf6 28.Qd3 g6 29.Qb3 Rff8
30.a4 a5 31.c5 bxc5 32.b5 Nb6 33.Rd2 Rfc8 34.Rc3 Qd8 35.Qc2 Kg7 36.Rd1 Ra7
37.Ra3 Qc7 38.h4 Qe7 39.h5 Qg5 40.hxg6 hxg6 41.Qf2  0-1

[Event "Vantaa op2"]
[Site "Vantaa"]
[Date "1994.??.??"]
[Round "1"]
[White "Kokkila, Tero"]
[Black "Kiik, Kalle"]
[Result "1/2-1/2"]
[WhiteElo "2235"]
[BlackElo "2400"]

1.e4 c5 2.Nf3 e6 3.d4 cxd4 4.Nxd4 Nc6 5.Nb5 d6 6.c4 Nf6 7.N1c3 a6 8.Na3 Be7
9.Be2 O-O 10.O-O b6 11.f4 Bb7 12.Bf3 e5 13.Nd5 exf4 14.Bxf4 Ne5 15.Qd4 Nxd5
16.exd5 Bf6 17.Qd2 Re8 18.Kh1 Rc8 19.Rac1 Rc7 20.b3 Rce7 21.Nc2 Nxf3 22.Rxf3 Re2
23.Qd3 R2e4 24.Rcf1 Bc8 25.Be3 Bg4 26.Rf4 Rxf4 27.Rxf4 Bh5 28.Bg1 Be5 29.Rf1 Bg6
30.Qd2 b5 31.cxb5 axb5 32.Nd4 Qd7 33.Nc6 h6 34.a4 bxa4 35.bxa4 Qb7 36.a5 Qb5
37.Re1 Kh7 38.Nxe5 dxe5 39.d6 Bd3 40.Bb6 e4 41.Qe3 Qd7 42.Bc7 f5 43.Rc1 f4
44.Qxf4 e3 45.Bb6 e2 46.Qg3 Qf5 47.Re1 Qd5 48.Qf2 Qxd6 49.Qd4 Qg6 50.Bc5 Re6
51.Bb4 Rf6 52.Rg1 Rf1 53.Qe3 Ba6 54.h3 Rf6 55.Be1 Rf5 56.Kh2 Rf1 57.Bg3 Rf6
58.Be1 Re6 59.Qg3 Qe4 60.Bd2 Bb7 61.Bc3 Rg6 62.Qf3 Qe7 63.Qf4 Qc5 64.Qb4 Qc6
65.g3 Qf3 66.Be1 Rf6 67.Qd4 h5 68.g4 Rf4 69.Qc5 Bd5 70.gxh5 Qxh5 71.Qc7 Rf7
72.Qg3 Qf5 73.Qg5 Qxg5 74.Rxg5 Ba8 75.Re5 Bf3 76.Kg3  1/2-1/2

[Event "Vantaa op2"]
[Site "Vantaa"]
[Date "1994.??.??"]
[Round "6"]
[White "Alava, Mikko"]
[Black "Haapasalo, Jukka Pekka"]
[Result "0-1"]
[WhiteElo "2285"]
[BlackElo "2235"]

1.e4 c5 2.Nf3 e6 3.d4 cxd4 4.Nxd4 Nc6 5.Nb5 d6 6.c4 Nf6 7.N1c3 a6 8.Na3 b6
9.Be2 Bb7 10.O-O Nb8 11.f3 Be7 12.Bf4 Qc7 13.Qd2 Nbd7 14.Rfd1 Ne5 15.Rac1 O-O
16.Be3 Rac8 17.Na4 Ned7 18.b4 Ba8 19.Bf4 Ne5 20.Qd4 Rb8 21.c5 bxc5 22.bxc5 Ng6
23.Bxd6 Bxd6 24.cxd6 Qa5 25.Rc5 Qd8 26.Bxa6 Nd7 27.Rc7 Nf4 28.Bf1 e5 29.Qf2 Ne6
30.Ra7 Rb4 31.Nc2 Rb8 32.Bc4 Nf4 33.g3 Nh3+  0-1

[Event "Volgograd"]
[Site "Volgograd"]
[Date "1994.??.??"]
[Round "3"]
[White "Shmuter, Leonid"]
[Black "Tregubov, Pavel V"]
[Result "1-0"]
[WhiteElo "2460"]
[BlackElo "2495"]

1.e4 c5 2.Nf3 e6 3.d4 cxd4 4.Nxd4 Nc6 5.Nb5 d6 6.c4 Nf6 7.N1c3 a6 8.Na3 b6
9.Be2 Bb7 10.O-O Be7 11.Be3 Nb8 12.f3 Nbd7 13.Qd2 Qc7 14.Rac1 O-O 15.Rfd1 Rac8
16.Bf4 Ne5 17.Bg3 Qb8 18.Qd4 Nfd7 19.Kh1 Rfd8 20.Qe3 Bf8 21.f4 Nc6 22.Nc2 Qa8
23.b3 Ne7 24.Nd4 g6 25.Bh4 Re8 26.Bf3 Bh6 27.Nde2 e5 28.Bg5 Bf8 29.Qf2 Nc5
30.Ng3 Ne6 31.Bg4 Rc5 32.Bxe6 fxe6 33.fxe5 Nc6 34.Na4 Nxe5 35.Nxc5 bxc5 36.Bf4 Nf7
37.Re1 Bg7 38.Rcd1 Bd4 39.Be3 Be5 40.Bf4 Bd4 41.Qd2 a5 42.a3 Qa6 43.Qc2 Qb6
44.Ne2 e5 45.Bd2 Nd8 46.Nc3 Bxc3 47.Qxc3 Nc6 48.Bh6 Nd4 49.Re3 a4 50.bxa4 Qc6
51.Qb2 Ba6 52.Rc1 Qxa4 53.Qb6 Qc6 54.Qxc6 Nxc6 55.Rf3 Nd8 56.Rcf1 Ne6 57.Rd1 Rd8
58.Rc1 Bb7 59.Rf6 Ng7 60.Rd1 Bxe4 61.Bxg7 Kxg7 62.Rfxd6 Ra8 63.Re6 Rxa3 64.Rxe5 Ba8
65.Rxc5 Ra2 66.Rg1 h5 67.h3 Rc2 68.h4 Be4 69.Kh2 Bd3 70.Re1 Rxc4 71.Rxc4 Bxc4
72.Kg3 Bd3 73.Kf4 Kh6 74.Re6 Bc2 75.Ke5  1-0

[Event "Wuerzburg op"]
[Site "Wuerzburg"]
[Date "1994.??.??"]
[Round "5"]
[White "Anka, Emil"]
[Black "Kroencke, Manfred"]
[Result "1-0"]
[WhiteElo "2390"]
[BlackElo "2260"]

1.e4 c5 2.Nf3 e6 3.d4 cxd4 4.Nxd4 Nc6 5.Nb5 d6 6.c4 a6 7.N5c3 Nf6 8.Be2 Be7
9.O-O O-O 10.Be3 b6 11.Na3 Bb7 12.Qb3 Nd7 13.Rfd1 Nc5 14.Qc2 Nb4 15.Qd2 Rc8
16.Bf4 e5 17.Be3 Bc6 18.Ncb1 a5 19.f3 f5 20.exf5 Rxf5 21.Nc3 Qf8 22.Nab5 Rd8
23.Nc7 Rc8 24.N7d5 Nxd5 25.Nxd5 Bd8 26.Rab1 Kh8 27.b3 h6 28.a3 Bxd5 29.Qxd5 Bc7
30.b4 Nd7 31.Bd3 Rf6 32.Qe4 g6 33.Qg4 Qg7 34.bxa5 bxa5 35.Rb7 h5 36.Qh3 Rff8
37.Bxg6 Qxg6 38.Qxd7 Rg8 39.Rd2  1-0

[Event "Wuerzburg op"]
[Site "Wuerzburg"]
[Date "1994.??.??"]
[Round "7"]
[White "Anka, Emil"]
[Black "Pytel, Krzysztof"]
[Result "0-1"]
[WhiteElo "2390"]
[BlackElo "2445"]

1.e4 c5 2.Nf3 e6 3.d4 cxd4 4.Nxd4 Nc6 5.Nb5 d6 6.c4 Nf6 7.N1c3 a6 8.Na3 Be7
9.Be2 O-O 10.O-O Bd7 11.Be3 Qa5 12.Qd2 Rab8 13.f3 Rfc8 14.Rfd1 Be8 15.Bf1 h6
16.Rab1 Kh8 17.Rdc1 Qd8 18.Be2 Nb4 19.Ra1 b6 20.Rd1 Nc6 21.f4 Na5 22.Rab1 Nc6
23.Qe1 Nd7 24.b4 Na7 25.Bd4 Qc7 26.Qg3 Bf6 27.Bxf6 Nxf6 28.Rd2 b5 29.Rbd1 Rd8
30.cxb5 Nxb5 31.Naxb5 Bxb5 32.Nxb5 axb5 33.Bd3 e5 34.Qf3 Qc3 35.Bc2 Qxb4
36.Kh1 Rdc8 37.fxe5 dxe5 38.Qf5 Qe7 39.Bb3 Rc7 40.h3 Rbc8 41.Kh2 g6 42.Qf3 Kg7
43.Rf2 Rc1 44.Rxc1 Rxc1 45.Qe2 b4 46.g4 Rc3 47.h4 Qd7 48.Rg2 h5 49.gxh5 Qh3+
50.Kg1 Rc1+ 51.Bd1 Nxh5 52.Rh2 Qg3+ 53.Rg2 Nf4  0-1

[Event "Zalakaros op"]
[Site "Zalakaros"]
[Date "1994.??.??"]
[Round "1"]
[White "Groszpeter, Attila"]
[Black "Bardossi, Jeno"]
[Result "1-0"]
[WhiteElo "2525"]
[BlackElo "2200"]

1.e4 c5 2.Nf3 e6 3.d4 cxd4 4.Nxd4 Nc6 5.Nb5 d6 6.c4 Nf6 7.N1c3 a6 8.Na3 Qc7
9.Be2 b6 10.Be3 Bb7 11.O-O Be7 12.f3 O-O 13.Rc1 Rac8 14.Nd5 exd5 15.cxd5 b5
16.dxc6 Bxc6 17.Nc2 Qa5 18.a3 Bd7 19.Qd4 Qd8 20.Rfd1 Bc6 21.Nb4 Bb7 22.Qa7 Qd7
23.Nxa6 Ra8 24.Nc5 Rxa7 25.Nxd7  1-0

[Event "Zalakaros op"]
[Site "Zalakaros"]
[Date "1994.??.??"]
[Round "5"]
[White "Groszpeter, Attila"]
[Black "Mochalov, Evgeny V"]
[Result "1/2-1/2"]
[WhiteElo "2525"]
[BlackElo "2450"]

1.e4 c5 2.Nf3 e6 3.d4 cxd4 4.Nxd4 Nc6 5.Nb5 d6 6.c4 Nf6 7.N1c3 a6 8.Na3 Be7
9.Be2 O-O 10.O-O b6 11.Be3 Ne5 12.f4 Ned7 13.Bf3 Bb7 14.g4 Rc8 15.g5 Ne8
16.h4 b5 17.cxb5 d5 18.bxa6 Bxa6 19.Nab5 Bc5 20.Bf2 Qb6 21.a4 dxe4 22.Nxe4 Bxf2+
23.Rxf2 Bxb5 24.axb5 Nc5 25.Nxc5 Rxc5 26.Be2 Nc7 27.Qa4 Nxb5 28.Qa6 Qb8 29.Rd1 Nc7
30.Qd6 Rc2 31.Rd2 Rxd2 32.Qxd2 Rd8 33.Qc1 Nd5 34.Bc4 Rc8 35.b3 Qxb3 36.Bxb3 Rxc1+
37.Kh2 Ne3 38.Ra2 g6 39.Ra8+ Kg7 40.Ra7 Rc6 41.Ba4 Rc4 42.Bb3 Re4 43.Ra4 Rxa4
44.Bxa4 h5 45.gxh6+ Kxh6 46.Kh3 Kg7 47.Bb5 Nd5 48.Kg3 Nf6 49.Bd3 Kf8 50.Kf3 Ke7
51.Bb5 Kd6 52.Ba4 Kd5 53.Ke3 Kc5 54.Kf3 Kd4 55.Bc6 Kc4 56.Ba4 Kc5 57.Ke3 Kd6
58.Kf3 Nd5 59.Be8 Ke7 60.Bb5 Kf6 61.Bd3 Ne7 62.Kg4 Nf5 63.h5 gxh5+ 64.Kxh5 Ne3
65.Kh4 Ke7 66.Kg5 f6+ 67.Kh4 Kd6 68.Kg3 Kd5 69.Kf3 Kd4 70.Ba6 Nd5 71.Bc8 Nc7
72.Bd7 Kd5 73.Ba4 Na6 74.Bb3+ Kd6 75.Bc4 Nc7 76.Bb3 Nb5 77.Ke3 Nc3 78.Kf3 Nd5
79.Ba4  1/2-1/2

[Event "Ibercaja op"]
[Site "Zaragoza"]
[Date "1994.??.??"]
[Round "9"]
[White "Spraggett, Kevin"]
[Black "Ruiz, J."]
[Result "1-0"]
[WhiteElo "2550"]
[BlackElo "2250"]

1.e4 c5 2.Nf3 e6 3.d4 cxd4 4.Nxd4 Nc6 5.Nb5 d6 6.c4 a6 7.N5c3 Nf6 8.Be2 Be7
9.O-O O-O 10.Bf4 b6 11.Re1 Bb7 12.Nd2 Rc8 13.Rc1 Nd4 14.Bd3 e5 15.Be3 Ne6
16.Bf1 g6 17.b4 Ng7 18.f3 Nd7 19.Bf2 h6 20.Rc2 Rc7 21.Nd5 Bxd5 22.cxd5 Ra7
23.Rc6 a5 24.bxa5 Rxa5 25.a4 Nc5 26.Nc4 Ra7 27.Nxb6 Rc7 28.a5 Qb8 29.Rxc5 Rxc5
30.Nd7 Qc7 31.Nxc5 dxc5 32.Qa4 Ra8 33.a6 Ne8 34.Rb1 Nd6 35.Qc6 Rc8 36.Qxc5  1-0

[Event "Aceimar op"]
[Site "Aceimar"]
[Date "1995.??.??"]
[Round "?"]
[White "Rodriguez, Al"]
[Black "Paunovic, Dragan"]
[Result "1-0"]
[WhiteElo "2490"]
[BlackElo "2460"]

1.e4 c5 2.Nf3 Nc6 3.d4 cxd4 4.Nxd4 e6 5.Nb5 d6 6.Bf4 e5 7.Be3 Be6 8.N1c3 a6
9.Na3 Nf6 10.Nc4 Bxc4 11.Bxc4 Be7 12.Nd5 O-O 13.Nxf6+ Bxf6 14.Qd2 Rc8 15.Bd5 h6
16.h4 b5 17.Rh3 h5 18.O-O-O Nd4 19.Bxd4 exd4 20.Rg1 Rc5 21.g4 hxg4 22.Rhg3 Qd7
23.Rxg4 Rfc8 24.Bb3 Kf8 25.Kb1 a5 26.Rc1 a4 27.Bd5 a3 28.b4 Rc3 29.Bb3 d3
30.Rg3 Qe7 31.Rxd3 Qe5 32.Rxc3 Rxc3 33.f4 Qxe4 34.Qxd6+ Kg8 35.Qd5 Qxd5 36.Bxd5 Bxh4
37.Rd1 Be7 38.Rd4 Bf6 39.Rd3 Rc7 40.Rxa3 Bc3 41.Ra8+ Kh7 42.a3 f5 43.Ra5 Bd2
44.Rxb5 Bxf4 45.a4 Bd6 46.a5 g5 47.a6 Kg6 48.c4 Be7 49.Kc2 Kf6 50.Kd3 g4
51.c5 Ke5 52.Kc4 f4 53.Rb7 Rxb7 54.Bxb7  1-0

[Event "Albacete op"]
[Site "Albacete"]
[Date "1995.??.??"]
[Round "?"]
[White "Rodriguez, Amador"]
[Black "Pogorelov, Ruslan"]
[Result "1-0"]
[WhiteElo "2490"]
[BlackElo "2445"]

1.e4 c5 2.Nf3 e6 3.d4 cxd4 4.Nxd4 Nc6 5.Nb5 d6 6.Bf4 e5 7.Be3 Nf6 8.Bg5 Be6
9.Bxf6 gxf6 10.Nd2 a6 11.Nc3 Bg7 12.Nc4 Nd4 13.Bd3 f5 14.exf5 Bxc4 15.Bxc4 Qg5
16.Bd5 O-O 17.Ne4 Qxf5 18.c3 Ne6 19.Nxd6 Qg6 20.Be4 Qg5 21.h4 Qf6 22.Qf3 Qxf3
23.Bxf3 Nc5 24.O-O-O Rab8 25.Nf5 e4 26.Be2 Be5 27.Rd5 Bf4+ 28.Kc2 Ne6 29.Rhd1 b5
30.g3 Bc7 31.Nd6 Bxd6 32.Rxd6 a5 33.R1d5 b4 34.Rxa5 bxc3 35.bxc3 Rb7 36.Bc4 Rfb8
37.Bb3 Rc7 38.Ra4 Nc5 39.Rc4 Rbc8 40.Rd5 Nd3 41.Rxe4 Nxf2 42.Rf4  1-0

[Event "Donner mem op"]
[Site "Amsterdam"]
[Date "1995.??.??"]
[Round "9"]
[White "De Vreugt, Dennis"]
[Black "Langeweg, Kick"]
[Result "1-0"]
[WhiteElo "2270"]
[BlackElo "2375"]

1.e4 c5 2.Nf3 e6 3.d4 cxd4 4.Nxd4 Nc6 5.Nb5 d6 6.c4 Nf6 7.N1c3 a6 8.Na3 Be7
9.Be3 b6 10.g4 Ne5 11.h3 Bb7 12.Bg2 Nfd7 13.O-O g5 14.Ne2 h5 15.Ng3 hxg4
16.hxg4 Rh4 17.f3 Qc7 18.Rc1 Ng6 19.Nh5 Nde5 20.Rf2 Bxe4 21.fxe4 Nxg4 22.Ng7+ Kd7
23.Qa4+ Kc8 24.e5 Nxf2 25.Bxa8 Nh3+ 26.Kf1 Rf4+ 27.Ke2 Rf2+ 28.Bxf2 Ngf4+
29.Kf1 Nxf2 30.Qxa6+ Kd8 31.Bb7 N2d3 32.Qa8+  1-0

[Event "Donner mem op"]
[Site "Amsterdam"]
[Date "1995.??.??"]
[Round "11"]
[White "Blees, Albert"]
[Black "Ree, Hans"]
[Result "1-0"]
[WhiteElo "2420"]
[BlackElo "2435"]

1.e4 c5 2.Nf3 e6 3.d4 cxd4 4.Nxd4 Nc6 5.Nb5 d6 6.c4 Nf6 7.N1c3 a6 8.Na3 Be7
9.Be2 O-O 10.O-O b6 11.Be3 Bb7 12.Qb3 Nd7 13.Rfd1 Nc5 14.Qc2 Bf6 15.f3 Be5
16.Bf1 f5 17.exf5 Rxf5 18.Ne2 Nb4 19.Qd2 Nbd3 20.Ng3 Nxb2 21.Nxf5 Nxd1 22.Bg5 Bf6
23.Bxf6 Qxf6 24.Nd4 e5 25.Nb3 e4 26.Rxd1 exf3 27.Qxd6 Qb2 28.Nxc5 bxc5 29.Rb1 Qxa3
30.Qe6+ Kh8 31.Rxb7 fxg2 32.Kxg2 Qxa2+ 33.Be2 h6 34.Qe5 Rg8 35.Rb6 Kh7 36.Kg3 Qd2
37.Rd6 Qe1+ 38.Kh3 Qc1 39.Bd3+ Kh8 40.Qe4  1-0

[Event "Antwerp op"]
[Site "Antwerp"]
[Date "1995.??.??"]
[Round "5"]
[White "Van der Vorm, Teun"]
[Black "Vanderwaeren, Serge"]
[Result "1/2-1/2"]
[WhiteElo "2405"]
[BlackElo "2280"]

1.e4 c5 2.Nf3 e6 3.d4 cxd4 4.Nxd4 Nc6 5.Nb5 d6 6.c4 Nf6 7.N1c3 a6 8.Na3 Be7
9.g3 O-O 10.Bg2 Bd7 11.O-O Rb8 12.Qe2 Qc7 13.Be3 Rfc8 14.Rac1 Ne5 15.Rfd1 b6
16.h3 Ng6 17.f4 Bc6 18.Nd5 Qb7 19.Nxe7+ Nxe7 20.Rxd6 Nxe4 21.Bxe4 Bxe4 22.Rxb6 Qa8
23.Rxb8 Qxb8 24.Bd4 Qb7 25.Re1 Bf3 26.Qf2 h5 27.Nb1 Nf5 28.Nd2 Bh1 29.Bc3 Rd8
30.Kh2 h4 31.gxh4 Bc6 32.Rg1 Qe7 33.Nf3 Ba8 34.h5 f6 35.Nd4 Qa7 36.Rd1 Qc5
37.Qe2 e5 38.fxe5 Nxd4 39.Bxd4 Rxd4 40.Rxd4 Qxd4 41.exf6 Qf4+ 42.Kg1 Qg3+
43.Kf1 Qxh3+ 44.Ke1 Qh4+ 45.Kd2 Qd4+ 46.Ke1 Qh4+ 47.Kd2 Qf4+ 48.Ke1 Qxf6
49.Qe8+ Qf8 50.Qe6+ Kh8 51.Qxa6 Qe7+ 52.Kd2 Be4 53.Qb5 Qd6+ 54.Kc3 Qd3+ 55.Kb4 Qd2+
56.Ka3 Qe3+ 57.b3 Bd3 58.Qd5 Be4 59.Qe5 Qa7+ 60.Kb4 Qb6+ 61.Qb5 Qd4 62.a4 Qd2+
63.Kc5 Qf2+ 64.Kd6 Qf6+ 65.Kc7 Qe7+ 66.Kb6 Qd8+ 67.Kc5 Bf3 68.b4 Qc7+ 69.Kd4 Qf4+
70.Kc5 Qc7+  1/2-1/2